DESIGN OF WELDED STEEL STRUCTURES / (Record no. 589852)
[ view plain ]
| 000 -LEADER | |
|---|---|
| fixed length control field | 00327nam a22001337a 4500 |
| 020 ## - INTERNATIONAL STANDARD BOOK NUMBER | |
| Qualifying information | PB. |
| 040 ## - CATALOGING SOURCE | |
| Transcribing agency | FIZZA ISHAQ |
| 082 ## - DEWEY DECIMAL CLASSIFICATION NUMBER | |
| Classification number | 721.04471 |
| Author Mark | UTP |
| 100 ## - MAIN ENTRY--PERSONAL NAME | |
| Personal name | GHOSH,K.UTPAL. |
| 9 (RLIN) | 91694 |
| 245 ## - TITLE STATEMENT | |
| Title | DESIGN OF WELDED STEEL STRUCTURES / |
| Statement of responsibility, etc. | UTPAL K. GHOSH. |
| 260 ## - PUBLICATION, DISTRIBUTION, ETC. | |
| Place of publication, distribution, etc. | CRC PRESS ; |
| Date of publication, distribution, etc. | 2016. |
| 300 ## - PHYSICAL DESCRIPTION | |
| Extent | 244 P. ; |
| 942 ## - ADDED ENTRY ELEMENTS (KOHA) | |
| Source of classification or shelving scheme | |
| Koha item type | Book |
| Withdrawn status | Lost status | Source of classification or shelving scheme | Damaged status | Not for loan | Permanent Location | Current Location | Date acquired | Full call number | Barcode | Date last seen | Copy number | Price effective from | Koha item type |
|---|---|---|---|---|---|---|---|---|---|---|---|---|---|
| NUST Baluchistan Campus (NBC) | NUST Baluchistan Campus (NBC) | 05/20/2022 | 721.04471 UTP | Q-5239 | 05/20/2022 | 1 | 05/20/2022 | Book |
